| 000 | 02185nam a2200409 a 4500 | ||
|---|---|---|---|
| 001 | 00003826 | ||
| 003 | DO-SdBNP | ||
| 005 | 20180312084909.0 | ||
| 007 | 00003826 | ||
| 008 | 091118s2001 dr ac 000 0 spa d | ||
| 020 | _a8482614088 | ||
| 040 |
_aBPMSU _bspa _cBPMSU |
||
| 092 |
_a373.84 _bR696r 3ro. 2001 |
||
| 100 | 1 | _aRodríguez, Federico | |
| 245 | 0 | 0 |
_aReligión 3 : _bformación integral, humana y religiosa / _c Federico Rodríguez ; dirección editorial Obdulia García de Escobar ; ilustración Ruddy Núñez. |
| 260 |
_aSanto Domingo : _bSantillana, _c2001 |
||
| 300 |
_a103 p. : _bil., mapas, retrs. ; _c28 cm. |
||
| 490 | 1 | _aUmbral | |
| 500 | _aEste libro ha sido realizado de conformidad con el currículum vigente y ha sido sometido a la aprobación de la SEEBAC | ||
| 500 | _a1er. curso/segundo ciclo | ||
| 500 | _aLa religión y la vida. Las grandes religiones. Historia de la iglesia. | ||
| 505 | 0 |
_aUnidadades -- _tLa religión y la vida. Primer semestre -- _tLas grandes preguntas -- _t¿Qué es la religión?) _tLa religión y los mitos -- _tAteos y creyentes -- _tReligión y sociedad -- _t Pasados y presentes de las religiones -- _tLas religiones Orientales -- _tEl Islam -- _tEl judaísmo -- _tHistoria de la iglesia. Segundo semestre _tEl cristianismo – _tLas primeras comunidades cristianas -- _tLa iglesia hasta el siglo V – _tLa iglesia en la Edad Media – _tLa iglesia desde el siglo XVI hasta el siglo XIX – _tLa iglesia en el siglo XX – _tMaria , Madre de Dios. |
|
| 505 | 0 |
_gv. 4 : _tLa fe de la iglesia -- _tLa vida de la iglesia -- _tLa moral de la iglesia -- |
|
| 650 | 4 |
_aRELIGIÓN _xENSEÑANZA SECUNDARIA |
|
| 650 | 4 |
_aRELIGIÓN _xESTUDIOS Y EJERCICIOS |
|
| 650 | 4 |
_aRELIGIÓN _xLIBROS DE TEXTOS |
|
| 650 | 4 |
_aRELIGIÓN _xEDUCACIÓN SECUNDARIA |
|
| 650 | 4 |
_aEDUCACIÓN SECUNDARIA _zREPÚBLICA DOMINICANA |
|
| 700 | 1 | 2 |
_aGarcía de Escobar, Obdulia, _eed. |
| 700 | 1 | 2 |
_aNúñez, Ruddy, _eil. |
| 830 | 0 | _aUmbral | |
| 910 | _aValidado. Control de calidad MFF | ||
| 942 |
_2ddc _cBK |
||
| 945 | _aInventariado, 2018 /LP | ||
| 956 |
_aVMATEO _b10 _c20150721 _lBPMSU _h00151 |
||
| 956 |
_aLOPEREZ _b10 _c20160406 _l0041 |
||
| 999 |
_c9586 _d9586 |
||